Países da Europa por ordem alfabética - Statistics

Estatísticas Gerais
  • Esse quiz foi jogado 127 vezes
  • A pontuação média é 32 de 45
Estatísticas das Respostas
Resposta % Correto
Albânia
99%
Alemanha
94%
Andorra
92%
Áustria
87%
Bélgica
86%
Bielorrússia
84%
Bosnia e Herzegovina
84%
Croácia
82%
Dinamarca
82%
Bulgária
81%
Eslováquia
80%
Eslovênia
80%
Estônia
80%
Finlândia
80%
Espanha
78%
França
74%
Irlanda
74%
Islândia
74%
Hungria
73%
Grécia
72%
Letônia
72%
Itália
70%
Liechtenstein
70%
Lituânia
70%
Luxemburgo
70%
Kosovo
68%
Macedônia
68%
Malta
68%
Mônaco
66%
Montenegro
66%
Noruega
66%
Moldávia
63%
Polônia
61%
Portugal
59%
Países Baixos
57%
Ucrânia
56%
Romênia
55%
San Marino
55%
Suécia
55%
Suíça
55%
Vaticano
55%
Sérvia
53%
República Tcheca
52%
Rússia
52%
Reino Unido
51%
Nenhum quiz correspondente encontrado
Distribuição das Pontuações
Porcentagem de Pessoas com Cada Pontuação
Percentil de Números Respondidos
Sua Pontuação Histórica
Você não jogou esse quiz